Zwischen Selbstbestimmung und Solidarität: Arbeit und Geschlechterverhältnisse im Neoliberalismus aus feministisch-befreiungstheologischer Perspektive
| Subtitles: | Solidarische Subjektwerdung im Neoliberalismus? Solidarische Subjektwerdung im Neoliberalismus? : feministisch-befreiungstheologische Analysen zu Arbeits- und Geschlechterverhältnissen im Kontext BRD |
|---|---|
| Main Author: | |
| Format: | Print Book |
| Language: | German |
| Subito Delivery Service: | Order now. |
| Check availability: | HBZ Gateway |
| WorldCat: | WorldCat |
| Interlibrary Loan: | Interlibrary Loan for the Fachinformationsdienste (Specialized Information Services in Germany) |
| Published: |
Münster
Edition ITP-Kompass
2012
|
| In: |
Edition ITP-Kompass (13)
Year: 2012 |
| Series/Journal: | Edition ITP-Kompass
13 |
| Standardized Subjects / Keyword chains: | B
Deutschland (boat, 1866-1875)
/ Professional life
/ Gender composition
/ Neo-liberalism
/ Individualization
/ Social inequality
|
| Further subjects: | B
Geschlechterverhältnisse
B Women in church work B Feminism (motif) B Thesis B Feminist Theology |
| Online Access: |
Inhaltstext (Publisher) Table of Contents Blurb (Publisher) |
MARC
| LEADER | 00000cam a2200000 c 4500 | ||
|---|---|---|---|
| 001 | 725495359 | ||
| 003 | DE-627 | ||
| 005 | 20251224181655.0 | ||
| 007 | tu | ||
| 008 | 120912s2012 gw ||||| m 00| ||ger c | ||
| 010 | |a 2012536605 | ||
| 015 | |a 12,N48 |2 dnb | ||
| 016 | 7 | |a 1028164270 |2 DE-101 | |
| 020 | |a 9783981356229 |c Pb. : EUR 24.80 (DE), EUR 25.50 (AT), sfr 35.50 (freier Pr.) |9 978-3-9813562-2-9 | ||
| 024 | 3 | |a 9783981356229 | |
| 035 | |a (DE-627)725495359 | ||
| 035 | |a (DE-576)376066288 | ||
| 035 | |a (DE-599)BVBBV040347134 | ||
| 035 | |a (OCoLC)822991960 | ||
| 035 | |a (OCoLC)824651737 | ||
| 035 | |a (DE-604)BV040347134 | ||
| 040 | |a DE-627 |b ger |c DE-627 |e rakwb | ||
| 041 | |a ger | ||
| 044 | |c XA-DE-NW | ||
| 050 | 0 | |a BV4415 | |
| 082 | 0 | |a 200 |q BSZ | |
| 082 | 0 | 4 | |a 230 |a 300 |q DNB |
| 082 | 0 | 4 | |a 200 |
| 084 | |a 1 |2 ssgn | ||
| 084 | |a BL 8280 |q BVB |2 rvk |0 (DE-625)rvk/12340: | ||
| 100 | 1 | |0 (DE-588)1029246157 |0 (DE-627)73270264X |0 (DE-576)377163147 |4 aut |a Strobel, Katja |d 1975- | |
| 109 | |a Strobel, Katja 1975- | ||
| 245 | 1 | 0 | |a Zwischen Selbstbestimmung und Solidarität |b Arbeit und Geschlechterverhältnisse im Neoliberalismus aus feministisch-befreiungstheologischer Perspektive |c Katja Strobel |
| 246 | 3 | 3 | |a Solidarische Subjektwerdung im Neoliberalismus? : feministisch-befreiungstheologische Analysen zu Arbeits- und Geschlechterverhältnissen im Kontext BRD |
| 246 | 3 | 3 | |a Solidarische Subjektwerdung im Neoliberalismus? |
| 263 | |a Erscheint: 22. November 2012 | ||
| 264 | 1 | |a Münster |b Edition ITP-Kompass |c 2012 | |
| 300 | |a 371 S. |c 210 mm x 147 mm, 515 g | ||
| 336 | |a Text |b txt |2 rdacontent | ||
| 337 | |a ohne Hilfsmittel zu benutzen |b n |2 rdamedia | ||
| 338 | |a Band |b nc |2 rdacarrier | ||
| 490 | 1 | |a Edition ITP-Kompass |v 13 | |
| 502 | |a Zugl.: Passau, Univ., Diss., 2010 u.d.T.: Strobel, Katja: Solidarische Subjektwerdung im Neoliberalismus? : feministisch-befreiungstheologische Analysen zu Arbeits- und Geschlechterverhältnissen im Kontext BRD | ||
| 546 | |a Deutsch | ||
| 583 | 1 | |a Archivierung/Langzeitarchivierung gewährleistet |f SSG |x XA-DE-BW |2 pdager |5 DE-21 | |
| 583 | 1 | |a Archivierung prüfen |c 20240324 |f DE-4165 |z 1 |2 pdager | |
| 601 | |a Selbstbestimmung | ||
| 601 | |a Solidarität | ||
| 601 | |a Perspektive | ||
| 650 | 0 | |a Women in church work | |
| 650 | 0 | |a Feminist Theology | |
| 650 | 4 | |a Feminismus | |
| 650 | 4 | |a Geschlechterverhältnisse | |
| 655 | 7 | |a Hochschulschrift |0 (DE-588)4113937-9 |0 (DE-627)105825778 |0 (DE-576)209480580 |2 gnd-content | |
| 689 | 0 | 0 | |d g |0 (DE-588)4011882-4 |0 (DE-627)104704861 |0 (DE-576)208896155 |2 gnd |a Deutschland |
| 689 | 0 | 1 | |d s |0 (DE-588)4002805-7 |0 (DE-627)104617187 |0 (DE-576)208848770 |2 gnd |a Arbeitswelt |
| 689 | 0 | 2 | |d s |0 (DE-588)4020548-4 |0 (DE-627)104106883 |0 (DE-576)208933824 |2 gnd |a Geschlechterverhältnis |
| 689 | 0 | 3 | |d s |0 (DE-588)4171438-6 |0 (DE-627)105394815 |0 (DE-576)209936967 |2 gnd |a Neoliberalismus |
| 689 | 0 | 4 | |d s |0 (DE-588)4161542-6 |0 (DE-627)105469254 |0 (DE-576)209866535 |2 gnd |a Individualisierung |
| 689 | 0 | 5 | |d s |0 (DE-588)4055736-4 |0 (DE-627)104270470 |0 (DE-576)209115173 |2 gnd |a Soziale Ungleichheit |
| 689 | 0 | |5 DE-101 | |
| 751 | |a Passau |0 (DE-588)4044828-9 |0 (DE-627)106204114 |0 (DE-576)209062509 |4 uvp | ||
| 810 | 2 | |a Institut für Theologie und Politik |t Edition ITP-Kompass |v 13 |9 13 |w (DE-627)513724923 |w (DE-576)270114408 |w (DE-600)2271627-0 |7 am | |
| 856 | 4 | 2 | |u http://deposit.dnb.de/cgi-bin/dokserv?id=4187691&prov=M&dok_var=1&dok_ext=htm |m X: MVB |q text/html |v 2013-05-01 |x Verlag |3 Inhaltstext |7 1 |
| 856 | 4 | 2 | |u https://swbplus.bsz-bw.de/bsz376066288kla.htm |m B:DE-576;DE-21 |q application/pdf |v 20130114142951 |x Verlag |3 Klappentext |7 1 |
| 856 | 4 | 2 | |u https://swbplus.bsz-bw.de/bsz376066288inh.htm |m B:DE-576;DE-21 |q application/pdf |v 20130114142950 |x Verlag |3 Inhaltsverzeichnis |7 1 |
| 935 | |a mteo | ||
| 935 | |i Blocktest | ||
| 936 | r | v | |a BL 8280 |b Neoliberale Wirtschaft |k Theologie und Religionswissenschaften |k Christliche Gesellschaftslehre |k Wirtschaft |k Wirtschaftssysteme |k Neoliberale Wirtschaft |0 (DE-627)1270729713 |0 (DE-625)rvk/12340: |0 (DE-576)200729713 |
| 951 | |a BO | ||
| ELC | |b 1 | ||
| ITA | |a 1 |t 1 | ||
| LOK | |0 000 xxxxxcx a22 zn 4500 | ||
| LOK | |0 001 3229475992 | ||
| LOK | |0 003 DE-627 | ||
| LOK | |0 004 725495359 | ||
| LOK | |0 005 20121221081059 | ||
| LOK | |0 008 121221||||||||||||||||ger||||||| | ||
| LOK | |0 040 |a DE-21 |c DE-627 |d DE-21 | ||
| LOK | |0 852 |a DE-21 | ||
| LOK | |0 852 1 |c 53 A 14 |9 00 | ||
| LOK | |0 935 |a theo | ||
| LOK | |0 936ln |a t5 | ||
| LOK | |0 938 |a 1212 |f 2 | ||
| LOK | |0 939 |a 21-12-12 |b l01 | ||
| ORI | |a SA-MARC-ixtheoa001.raw | ||
| REL | |a 1 | ||
| STA | 0 | 0 | |a Deutschland (boat, 1866-1875),Germany,Germany,Germany,Germany,German Federal Republic (motif),Germany,Germany,Germany,Germany,Germany,Germany,Germany,German Democratic Republic,Germany,Federal Republic of Germany,Germany,Germany,Soviet Occupation Zone,French Occupation Zone,Feminism (motif),Feminism,Feminist theory,Gender composition,Gender relationship,Man-woman-relationship,Woman-man-relationship,Male-female relationship,Female-male relationship,Man-woman relationships in literature,Man-woman relationships in art,Individualization,Neo-liberalism,Professional life,Professional life,Job world,Working life,Social inequality,Social differences |
| STB | 0 | 0 | |a Deutschland (bateau, 1866-1875),Allemagne,Allemagne,République fédérale d'Allemagne (motif),Féminisme (motif),Féminisme,Théorie féministe,Individualisation,Inégalité sociale,Mode du travail,Monde du travail,Néolibéralisme,Rapport des sexes,Relations hommes-femmes,Relations hommes-femmes,Rapports entre les sexes,Rapports entre les sexes,Rapports entre les sexes (motif),Rapports entre les sexes |
| STC | 0 | 0 | |a Alemania,Alemania,Desigualdad social,Feminismo,Individualización,Mundo del trabajo,Mundo del trabajo,Neoliberalismo,Proporción entre los sexos,Relaciones de género,Relaciones de género |
| STD | 0 | 0 | |a Disuguaglianza sociale,Diseguaglianza sociale,Diseguaglianza sociale,Femminismo,Germania,Germania,Individualizzazione,Mondo del lavoro,Mondo del lavoro,Neoliberalismo,Rapporto statistico tra i sessi,Rapporti tra i sessi,Rapporti tra i sessi |
| STE | 0 | 0 | |a 个性化,个体化,女性主义,女权运动,女权主义,工作世界,工作世界,职场世界,职场世界,德国,德国,性别比,两性关系,两性关系,异性关系,异性关系,性别构成,新自由主义,社会不平等,社会不公 |
| STF | 0 | 0 | |a 個性化,個體化,女性主義,女權運動,女權主義,工作世界,工作世界,職場世界,職場世界,德國,德國,性別比,兩性關係,兩性關係,異性關係,異性關係,性別構成,新自由主義,社會不平等,社會不公 |
| STG | 0 | 0 | |a Alemanha,Alemanha,Desigualdade social,Feminismo,Individualização,Mundo do trabalho,Mundo do trabalho,Neoliberalismo,Proporção entre os sexos,Relações de gênero,Relações de gênero |
| STH | 0 | 0 | |a Германия (ГДР, мотив),Германия (мотив),Индивидуализация,Мир труда (мотив),Мир труда,Неолиберализм,Соотношение мужчин и женщин,Отношения между мужчиной и женщиной (мотив),Отношения между мужчиной и женщиной,Социальное неравенство,Феминизм |
| STI | 0 | 0 | |a Αναλογία των φύλων (δημογραφία),Σχέση των φύλων <μοτίβο>,Σχέση των φύλων,Σχέσεις μεταξύ των φύλων,Σχέσεις μεταξύ των φύλων (μοτίβο),Γερμανία (ΛΔΓ, μοτίβο),Γερμανία (μοτίβο),Εξατομίκευση,Κοινωνική ανισότητα,Κόσμος της εργασίας (μοτίβο),Κόσμος της εργασίας,Νεοφιλελευθερισμός,Φεμινισμός |
| SUB | |a REL | ||
| SYE | 0 | 0 | |a Feministische Theorie,Feministische Theorie |
| SYG | 0 | 0 | |a DDR,Deutsche Demokratische Republik,Germany,Amerikanische Zone Deutschlands,BRD,Britische Zone Deutschlands,Bundesrepublik Deutschland,Französische Zone Deutschlands,Vereinigtes Wirtschaftsgebiet Deutschlands,BRD,Bundesrepublik Deutschland , Vereinigtes Wirtschaftsgebiet,Bizone,Verwaltung des Vereinigten Wirtschaftsgebietes,Französische Zone,Zone Française d'Occupation,Französische Besatzungszone,ZFO,Britische Zone,British occupation zone,Britische Besatzungszone,British Zone of Control,Britisches Kontrollgebiet,British Element,Britisches Element,Sowjetische Zone,Russische Zone,Sowjetische Besatzungszone,Russische Besatzungszone,Sowjetische Besatzungszone Deutschlands,Sowjetische Besatzungszone in Deutschland,Sowjetisch Besetzte Zone,Sowjetzone,Ostzone,SBZ,Länder,Westliche Bundesländer,Alte Bundesländer,Deutschland,Westdeutschland,Deutschland,Westzonen,Westliche Besatzungszonen,Trizone,Amerikanische Zone,American occupation zone,Amerikanische Besatzungszone,ABZ,United States Area of Control,Amerikanisches Kontrollgebiet,U.S. zone of occupation,United States Zone,U.S. Zone,US-Zone,Alemanha,Alemania,Allemagne,Almanija,Almāniyā,Bondsrepubliek Duitsland,BRD,BRD,Bundesrepublik Deutschland,Deutschland,Deutschland,Federal Republic of Germany,Förbundsrepubliken Tyskland,Förbundsrepublikken Tyskland,FRG,Germany,Németországi Szövetségi Kőztársaság,Niemiecka Republika Federalna Niemiecka Republika Federalna,NRF,Repubblica Federale di Germania,Republic of Germany,República Federal da Alemanha,República Federal de Alemania,Republik Federasi Djerman,Republika Federalna Niemiec,République Fédérale d'Allemagne,RFN,Saksan Liittotasavalta,Westdeutschland,Deutsche Demokratische Republik,DDR,Deutschland,German Democratic Republic,GDR,République Démocratique Allemande,RDA,Germanskaja Demokratičeskaja Respublika,Demokratičeskaja Respublika,Democratic Republic,Demokratische Republik,Niemiecka Republika Demokratyczna,NRD,Ǧumhūrīyat Almāniyā ad-Dīmuqrāṭīya,República Democrática Alemana,Saksan Demokraattisen Tasavallan,Repubblica Democratica Tedesca,Mitteldeutschland,Ostdeutschland,East Germany,Ostzone,Deutsche Länder,Germany,Heiliges Römisches Reich,Rheinbund,Deutscher Bund,Norddeutscher Bund,Deutsches Reich,Deutschland,Deutschland,BRD,Federal Republic of Germany,Republic of Germany,Allemagne,Ǧumhūrīyat Almāniyā al-Ittiḥādīya,Bundesrepublik Deutschland,BRD,Niemcy,République Fédérale d'Allemagne,Repubblica Federale di Germania,Germanija,Federativnaja Respublika Germanija,FRG,Deyizhi-Lianbang-Gongheguo,Östliche Bundesländer,Neue Bundesländer,Länder,Deutschland,Ostdeutschland,Deutschland,Deutschland , World of work,Arbeitsleben,Berufsleben,Working life,Arbeitsleben,Berufsleben , Geschlechterverhältnis,Sexualindex,Sexualproportion,Geschlechtsrelation,Geschlechtsverteilung,Geschlechteranteil,Geschlechterverteilung,Frauenanteil,Männeranteil,Geschlechterbeziehung,Geschlechterverhältnisse,Geschlechterbeziehungen,Gender relationship , Wirtschaft - Neoliberalismus , Gesellschaftliche Ungleichheit,Sozialer Unterschied,Soziale Differenz |
| TIM | |a 100019901003_100020261231 |b 1990-10-03 - 2026 | ||



